000 00308nam a2200145Ia 4500
100 _aRama Murthy/P
942 _cBK
366 _f23
245 _aOperations Research
260 _bNew Age Int (P) Ltd
_c2007
082 _a658.4034
_bRAM
300 _a692
546 _aENGLISH
_cInfo.Tech
999 _c32228
_d32228